000 00707nam a22002417a 4500
003 UA-OsUOA
001 89966
007 ta
008 20121112b un ||||| |||| 00| 0 ukr d
100 _aКропив'янський П.
700 _aТумаркін Я.
090 _a821.161.2
_bК83
942 _cBK
040 _aUA-OsUOA
_bukr
_cUA-OsUOA
_dUA-OsUOA
245 _aВ лабіринтах абверу
_bдокументальна повість
300 _a284 с.
955 _a3
041 _aukr
080 _a821.161.2
260 _aК.
_bПолітвидав України
_c1974
650 7 _a82 Література. Літературознавство
_2UDC
999 _c376240
_d376240